ბათუმის შოთა რუსთაველის სახელმწიფო უნივერსიტეტის ბიბლიოთეკა

Проектирование автомобильных дорог.Часть 2. (ბიბ.ჩანაწერი № 40400)

000 -LEADER
fixed length control field 00782nam a2200229Ia 4500
001 - CONTROL NUMBER
control field 7008
003 - CONTROL NUMBER IDENTIFIER
control field GE_BSU
008 - FIXED-LENGTH DATA ELEMENTS--GENERAL INFORMATION
fixed length control field 181216s||||||||xx |||||||||||||| ||und||
040 ## - CATALOGING SOURCE
Transcribing agency GE_BSU
080 ## - UNIVERSAL DECIMAL CLASSIFICATION NUMBER
Universal Decimal Classification number 625.7/.8(075.8)
100 ## - MAIN ENTRY--PERSONAL NAME
Personal name Бабков,В.Ф. Андреев,О.В. Замахев,М.С.
245 ## - TITLE STATEMENT
Title Проектирование автомобильных дорог.Часть 2.
245 ## - TITLE STATEMENT
Remainder of title Учебник.
245 ## - TITLE STATEMENT
Statement of responsibility, etc. Под. ред. В.Ф.Бабкова.
250 ## - EDITION STATEMENT
Edition statement Изд третье, перер. и допол.
260 ## - PUBLICATION, DISTRIBUTION, ETC.
Place of publication, distribution, etc. М.
260 ## - PUBLICATION, DISTRIBUTION, ETC.
Name of publisher, distributor, etc. Транспорт.
260 ## - PUBLICATION, DISTRIBUTION, ETC.
Date of publication, distribution, etc. 1970.
300 ## - PHYSICAL DESCRIPTION
Extent 315стр.с иил. 22см. библиогр.:стр.311.
653 ## - INDEX TERM--UNCONTROLLED
Uncontrolled term Проектирование автомобильных дорог.
942 ## - ADDED ENTRY ELEMENTS (KOHA)
Koha item type წიგნი
ეგზემპლარები
Withdrawn status Lost status Damaged status Not for loan Date acquired Barcode Date last seen Price effective from Koha item type
        2018-12-17 11734 2018-12-17 2018-12-17 წიგნი
        2018-12-17 11735 2018-12-17 2018-12-17 წიგნი
        2018-12-17 11736 2018-12-17 2018-12-17 წიგნი